Countries Bordering China - Sudden Death - Statistics

General Stats
  • This quiz has been taken 61 times
  • The average score is 8 of 14
Answers on the Grid
Answers color-coded by a green-red scale on the quiz's grid according to % correct below.
Mongolia
Cambodia
South Korea
North Korea
Russia
Bangladesh
Tajikistan
Uzbekistan
Myanmar
Iran
Turkmenistan
Bhutan
Japan
Malaysia
Nepal
Iraq
India
Vietnam
Iraq
Pakistan
Afghanistan
Taiwan
Kyrgyzstan
Thailand
Kazakhstan
Indonesia
Singapore
Laos
 
Answer Stats
Answer % Correct
Mongolia
95%
Russia
86%
North Korea
79%
India
72%
Nepal
63%
Bhutan
58%
Pakistan
53%
Vietnam
53%
Laos
49%
Myanmar
47%
Tajikistan
47%
Afghanistan
44%
Kyrgyzstan
44%
Kazakhstan
37%
No matching quizzes found
Score Distribution
Percent of People with Each Score
Percentile by Number Answered
Your Score History
You have not taken this quiz